Online katalóg knižníc regiónu Turca

Recepty pro jeden hrnec (Record no. 21337)

MARC details
000 -LEADER
fixed length control field 01076nam a2200337 a 4500
001 - CONTROL NUMBER
control field 21337
003 - CONTROL NUMBER IDENTIFIER
control field VRT
005 - DATE AND TIME OF LATEST TRANSACTION
control field 20260227141957.0
008 - FIXED-LENGTH DATA ELEMENTS--GENERAL INFORMATION
fixed length control field 010813s1996 xr a d 011 0 cze c
020 ## - INTERNATIONAL STANDARD BOOK NUMBER
International Standard Book Number 8090206921 (viaz.)
035 ## - SYSTEM CONTROL NUMBER
System control number UKB000291655
040 ## - CATALOGING SOURCE
Original cataloging agency BAA001
Language of cataloging slo
Transcribing agency BAA001
Description conventions AACR2
041 1# - LANGUAGE CODE
Language code of text/sound track or separate title cze
Language code of original eng
044 ## - COUNTRY OF PUBLISHING/PRODUCING ENTITY CODE
MARC country code xr
ISO country code CZ
080 ## - UNIVERSAL DECIMAL CLASSIFICATION NUMBER
Universal Decimal Classification number 641.55(083.12)
111 1# - MAIN ENTRY--MEETING NAME
Meeting name or jurisdiction name as entry element Reader's Digest Výběr
Relationship aut
245 00 - TITLE STATEMENT
Title Recepty pro jeden hrnec
Remainder of title z celého světa
Statement of responsibility, etc. Reader's Digest Výběr ; [autorský kolektiv Pat Albureyová ... et al. ; fotografie Martin Brigdale ... et al. ; překlad Dominika Křesťanová a Jan Šulc (rejstřík)]
250 ## - EDITION STATEMENT
Edition statement 1. vyd
260 ## - PUBLICATION, DISTRIBUTION, ETC.
Place of publication, distribution, etc. Praha
Name of publisher, distributor, etc. Reader's Digest Výber
Date of publication, distribution, etc. 1996
300 ## - PHYSICAL DESCRIPTION
Extent 352 s
Accompanying material 1 l.
500 ## - GENERAL NOTE
General note Frontsp. Obr. publ
504 ## - BIBLIOGRAPHY, ETC. NOTE
Bibliography, etc. note Reg. s. 347-352
650 07 - SUBJECT ADDED ENTRY--TOPICAL TERM
Topical term or geographic name entry element eintopfy
General subdivision recepty
650 07 - SUBJECT ADDED ENTRY--TOPICAL TERM
Topical term or geographic name entry element knihy kuchárske
653 ## - INDEX TERM--UNCONTROLLED
Uncontrolled term 641.55(083.12)
700 1# - ADDED ENTRY--PERSONAL NAME
Personal name Alburey, Pat
Relationship aut
700 1# - ADDED ENTRY--PERSONAL NAME
Personal name Brigdale, Martin
Relationship pht
910 ## - USER-OPTION DATA (OCLC)
User-option data ukb
942 ## - ADDED ENTRY ELEMENTS (KOHA)
Source of classification or shelving scheme Dewey Decimal Classification
Koha item type Odborná literatúra pre dospelých
Suppress in OPAC No
949 ## - LOCAL PROCESSING INFORMATION (OCLC)
6 1800130053
a SL.D.39703
b PV.3389-2001
Holdings
Stav vyradenia Strata Poškodenie Spôsob nadobudnutia Domovská knižnica Aktuálna knižnica Dátum nadobudnutia Total checkouts Čiarový kód exemplára Date last seen Typ exemplára
      Dar Obecná knižnica Horná Štubňa Obecná knižnica Horná Štubňa 27.02.2026   4736201510 27.02.2026 Odborná literatúra pre dospelých
Projekt je podporený Slovenskou asociáciou knižníc
Prevádzkuje Turčianska knižnica Martin 2026